| 000 | 00569nam a2200169Ia 4500 | ||
|---|---|---|---|
| 008 | 090201s9999 xx 000 0 und d | ||
| 010 | _aKPL-41165 | ||
| 040 | _bमराठी | ||
| 041 | _aमराठी | ||
| 082 |
_a32545 _b41165 |
||
| 100 | _aभीमराव कुलकर्णी | ||
| 245 |
_aमराठी फार्स _cभीमराव कुलकर्णी |
||
| 260 |
_c2004 _bमराठी साहित्य प्रकाशन |
||
| 300 |
_a408 _bमोठा |
||
| 600 | _aमराठी फार्स | ||
| 942 | _cBOOK | ||
| 999 |
_c230868 _d230868 |
||